More help with house repairs (Record no. 70772)

MARC details
000 -LEADER
fixed length control field 01184cam a2200229 4500
001 - CONTROL NUMBER
control field WB3826-14
008 - FIXED-LENGTH DATA ELEMENTS--GENERAL INFORMATION
fixed length control field 020718n2002 000 0 eng u
035 ## - SYSTEM CONTROL NUMBER
System control number (Sirsi) u118900
245 ## - TITLE STATEMENT
Title More help with house repairs
260 ## - PUBLICATION, DISTRIBUTION, ETC.
Date of publication, distribution, etc. 2002
490 ## - SERIES STATEMENT
Series statement ODPM News Release
Volume/sequential designation (031) 18 July 2002, (3)
520 ## - SUMMARY, ETC.
Summary, etc. New powers for local authorities to help homeowners with houses in poor repair through financial assistance have come into force. The previous prescriptive rules governing the way councils could offer house renovation grants are replaced with a general financial power to assist through grants, loans or equity release policies. Councils will have greater discretion to design their own strategies for private sector renewal. The Regulatory Reform (Housing Assistance) (England and Wales) Order 2002 will shortly be available at http://www.legislation.hmso.gov.uk/stat.htm http://www.odpm.gov.uk/news/0207/0031.htm
590 ## - LOCAL NOTE (RLIN)
Local note WB
650 ## - SUBJECT ADDED ENTRY--TOPICAL TERM
Topical term or geographic name entry element LOCAL AUTHORITIES
650 ## - SUBJECT ADDED ENTRY--TOPICAL TERM
Topical term or geographic name entry element HOUSE RENOVATION
650 ## - SUBJECT ADDED ENTRY--TOPICAL TERM
Topical term or geographic name entry element HOUSE RENOVATION GRANTS
650 ## - SUBJECT ADDED ENTRY--TOPICAL TERM
Topical term or geographic name entry element PRIVATE SECTOR RENEWAL
650 ## - SUBJECT ADDED ENTRY--TOPICAL TERM
Topical term or geographic name entry element LOANS
650 ## - SUBJECT ADDED ENTRY--TOPICAL TERM
Topical term or geographic name entry element HOUSING ASSISTANCE
690 ## - LOCAL SUBJECT ADDED ENTRY--TOPICAL TERM (OCLC, RLIN)
Topical term or geographic name as entry element HOUSING
942 ## - ADDED ENTRY ELEMENTS (KOHA)
Suppress in OPAC 0
Holdings
Withdrawn status Lost status Source of classification or shelving scheme Damaged status Not for loan Home library Current library Shelving location Date acquired Total Checkouts Full call number Barcode Date last seen Copy number Price effective from Koha item type
    Dewey Decimal Classification     London London News article 18/07/2002   WB3826-14 118900-1001 06/08/2019 1 06/08/2019 News article